| 000 | 00584cab a22001935a 4500 | ||
|---|---|---|---|
| 001 | L150621 | ||
| 008 | 100804e20100729xxk 000 0 eng d | ||
| 035 | _a(Sirsi) u150621 | ||
| 041 | 0 | _aeng | |
| 100 | 1 | _aWilkinson, Geoff | |
| 245 | 0 | 4 |
_aThe Regs _bplanning must be overhauled before the upturn |
| 260 | _c2010 | ||
| 490 |
_aArchitects' Journal _v232(5) 29 July 2010, 18(1) |
||
| 520 | _aNeed for a closer relationship between Building Regulations and Development Council. | ||
| 590 | _aKA | ||
| 651 | 4 |
_aUnited Kingdom _y |
|
| 690 |
_aBuilding regulations _96224 |
||
| 942 | _n0 | ||
| 999 |
_c82577 _d82577 |
||